000 00895nas a2200241 4500
001 BR8300945
003 BR-BrBNA
005 20231205085439.0
007 ta
008 230509b bl.|||p| |||| 00| 00por d
040 _aBR-BrBNA
_bpor
_cBiblioteca Nacional de Agricultura
041 _a(Pt)
072 _aL30; L36
100 1 _aPeixoto, R.R.
245 1 _aValor de dieta liquida artificial na alimentacao de terneiros desaleitados precocemente nas condicoes do Sul do Brasil [bezerro]
246 1 _a[Value of artificial liquid diet in feeding early weaned calve under conditions of the South of Brazil [calf]]
650 _aDIETA
650 _aBEZERRO
650 _aALEITAMENTO ARTIFICIAL
773 0 _tRevista da Sociedade Brasileira de Zootecnia (Brazil)
_xISSN 0100-4859
_g(1982), v. 11(2) p. 281-288
_wBR8300945
909 _a202311
_bLúcia
_c55
_dLúcia Elande
942 _2AGRIS
_n0
_cANA
999 _c111501
_d111501